[Event "Berlin-ch Seniors op 38th"]
[Site "Berlin"]
[Date "2022.01.25"]
[Round "1"]
[White "Raitza, Olaf"]
[Black "Mayer, Herbert"]
[Result "1/2-1/2"]
[WhiteElo "2325"]
[BlackElo "1813"]
[PlyCount "71"]
[EventDate "2022.01.25"]
[EventType "swiss"]
[EventRounds "9"]
[EventCountry "GER"]
[SourceTitle "EXT 2023"]
[Source "ChessBase"]
[SourceDate "2022.10.05"]
[SourceVersion "1"]
[SourceVersionDate "2022.10.05"]
[SourceQuality "1"]

1. e4 c6 2. d4 d5 3. exd5 cxd5 4. Bd3 Nc6 5. c3 Nf6 6. Bf4 Bg4 7. Qb3 Qd7 8. Nd2 e6 9. Ngf3 a6 10. Ne5 Nxe5 11. dxe5 Ng8 12. h3 Bh5 13. Be3 Bg6 14. Bxg6 hxg6 15. a4 Rc8 16. Rd1 Bc5 17. Ne4 Be7 18. 0-0 Qc7 19. Ng3 Nh6 20. Rfe1 Bh4 21. Ne2 Nf5 22. Bb6 Qc4 23. Qxc4 Rxc4 24. g4 Ne7 25. Rd4 Nc6 26. Rxc4 dxc4 27. Nd4 Nxd4 28. cxd4 Bd8 29. Bxd8 Kxd8 30. Kg2 Kd7 31. Rc1 Rc8 32. Kf3 b5 33. axb5 axb5 34. Ra1 b4 35. Ra7+ Rc7 36. Ra1 1/2-1/2

[Event "Berlin Lichtenberger op 18th"]
[Site "Berlin"]
[Date "2019.08.23"]
[Round "7"]
[White "Mayer, Herbert"]
[Black "Schiller, Stephan"]
[Result "1/2-1/2"]
[WhiteElo "1804"]
[BlackElo "1571"]
[PlyCount "46"]
[EventDate "2019.08.17"]
[EventType "swiss"]
[EventRounds "9"]
[EventCountry "GER"]
[SourceTitle "EXT 2020"]
[Source "ChessBase"]
[SourceDate "2019.10.17"]
[SourceVersion "1"]
[SourceVersionDate "2019.10.17"]
[SourceQuality "1"]

1. c4 Nf6 2. Nc3 d6 3. g3 Nc6 4. Bg2 e5 5. e4 Be7 6. d3 0-0 7. Nge2 Bg4 8. 0-0 Nd4 9. f3 Nxe2+ 10. Qxe2 Be6 11. f4 exf4 12. Bxf4 c6 13. Rad1 Nd7 14. d4 Nb6 15. d5 Bd7 16. Kh1 Re8 17. Qd3 Bg4 18. e5 dxe5 19. Bxe5 f6 20. Qd4 Bd7 21. Bf4 cxd5 22. Bxd5+ Nxd5 23. cxd5 Bh3 1/2-1/2

[Event "Berlin Eckbauer op 21st"]
[Site "Berlin"]
[Date "2018.11.19"]
[Round "6"]
[White "Mayer, Herbert"]
[Black "Wuesthoff, Ralf"]
[Result "1/2-1/2"]
[WhiteElo "1827"]
[BlackElo "1631"]
[PlyCount "105"]
[EventDate "2018.10.08"]
[EventType "swiss"]
[EventRounds "7"]
[EventCountry "GER"]
[SourceTitle "CBM 189 Extra"]
[Source "ChessBase"]
[SourceDate "2019.06.03"]
[SourceVersion "1"]
[SourceVersionDate "2019.06.03"]
[SourceQuality "1"]

1. c4 f5 2. f4 Nf6 3. b3 g6 4. Bb2 Bg7 5. Nf3 0-0 6. d3 d6 7. g3 c6 8. Bg2 Qb6 9. Bd4 Qa5+ 10. Bc3 Qb6 11. Qd2 Qc7 12. 0-0 e5 13. fxe5 Ng4 14. exd6 Qxd6 15. Bxg7 Kxg7 16. Nc3 Nd7 17. d4 Ndf6 18. c5 Qc7 19. e3 Bd7 20. Rae1 Rae8 21. Re2 Rf7 22. h3 Ne4 23. Nxe4 fxe4 24. Ne5 Nxe5 25. dxe5 Rxe5 26. Qd4 Rfe7 27. Rf4 Kg8 28. Ref2 Rf5 29. g4 Rxf4 30. Rxf4 Qe5 31. Rxe4 Qxd4 32. exd4 Rxe4 33. Bxe4 Be6 34. Kf2 Kg7 35. Ke3 g5 36. Bb1 h6 37. b4 b5 38. cxb6 axb6 39. a4 Bd5 40. Bd3 Kf6 41. a5 bxa5 42. bxa5 Ke7 43. Kf2 Kd6 44. Ke3 c5 45. dxc5+ Kxc5 46. Be4 Bc4 47. Bd3 Bd5 48. Bf1 Bc6 49. a6 Bd5 50. Bd3 Kb6 51. Be4 Bc4 52. Bb7 Bf1 53. Kf2 1/2-1/2

[Event "Berlin Eckbauer op 21st"]
[Site "Berlin"]
[Date "2018.11.12"]
[Round "5"]
[White "Stark, Wolfgang"]
[Black "Mayer, Herbert"]
[Result "1-0"]
[WhiteElo "2037"]
[BlackElo "1827"]
[PlyCount "63"]
[EventDate "2018.10.08"]
[EventType "swiss"]
[EventRounds "7"]
[EventCountry "GER"]
[SourceTitle "CBM 189 Extra"]
[Source "ChessBase"]
[SourceDate "2019.06.03"]
[SourceVersion "1"]
[SourceVersionDate "2019.06.03"]
[SourceQuality "1"]

1. e4 c6 2. Nf3 d5 3. Nc3 Bg4 4. h3 Bxf3 5. Qxf3 d4 6. Ne2 e5 7. Ng3 Nd7 8. Bc4 Qf6 9. Qg4 Qg6 10. a4 Qxg4 11. hxg4 Ne7 12. d3 Nc8 13. c3 Nd6 14. Bb3 Nc5 15. Bc2 Ne6 16. Ne2 f6 17. cxd4 Nxd4 18. Nxd4 exd4 19. Bb3 Nf7 20. f4 Bd6 21. Ke2 Ke7 22. Bd2 Rac8 23. Rac1 Nd8 24. Rh5 g6 25. Rh3 Kf8 26. Rch1 Rc7 27. g5 fxg5 28. e5 Bc5 29. f5 Re7 30. Bxg5 Rxe5+ 31. Kd1 Be7 32. Bh6+ 1-0

[Event "GER-chT Betriebe 18th"]
[Site "Altenberg Zinnwald"]
[Date "2018.11.10"]
[Round "5.4"]
[White "Mayer, Herbert"]
[Black "Bond, Oliver"]
[Result "1-0"]
[WhiteElo "1880"]
[BlackElo "1700"]
[PlyCount "111"]
[EventDate "2018.11.08"]
[EventType "team-swiss"]
[EventRounds "7"]
[EventCountry "GER"]
[SourceTitle "EXT 2020"]
[Source "ChessBase"]
[SourceDate "2019.10.17"]
[SourceVersion "1"]
[SourceVersionDate "2019.10.17"]
[SourceQuality "1"]
[WhiteTeam "Berlin Osram"]
[BlackTeam "Ludwigsfelde Stern"]
[WhiteTeamCountry "GER"]
[BlackTeamCountry "GER"]

1. f4 d5 2. b3 Nf6 3. e3 Nc6 4. Nf3 Bf5 5. Bb5 a6 6. Bxc6+ bxc6 7. Bb2 g6 8. d3 Bg7 9. Nbd2 0-0 10. Ne5 Bd7 11. 0-0 Qc8 12. Qe1 Re8 13. Ndf3 Ng4 14. h3 Nxe5 15. Nxe5 f6 16. Nxd7 Qxd7 17. e4 e5 18. f5 g5 19. Rf3 d4 20. Qe2 a5 21. a4 c5 22. Kf2 Qf7 23. Ba3 Bf8 24. g4 Ra6 25. Qd2 Rea8 26. h4 h6 27. Rh3 Qg7 28. Rah1 Kf7 29. c3 Rb6 30. cxd4 exd4 31. Qc2 Rc6 32. Bc1 Ke8 33. Qc4 Qf7 34. Qb5 Qd7 35. hxg5 fxg5 36. e5 Rb6 37. Qc4 Rd8 38. Bd2 Qd5 39. Bxa5 Rxb3 40. Bxc7 Rb2+ 41. Ke1 Qxc4 42. dxc4 Rb1+ 43. Kd2 Rxh1 44. Rxh1 Rd7 45. Bb6 d3 46. Rh3 Rd4 47. Rxd3 Rxg4 48. Rd5 Kf7 49. e6+ Kg7 50. Rd7+ Kg8 51. e7 Bxe7 52. Rxe7 Rxc4 53. a5 g4 54. f6 Ra4 55. Rg7+ Kh8 56. Rc7 1-0

[Event "GER-chT Betriebe 18th"]
[Site "Altenberg Zinnwald"]
[Date "2018.11.08"]
[Round "1.4"]
[White "Mayer, Herbert"]
[Black "Achermann, Didier"]
[Result "0-1"]
[WhiteElo "1880"]
[BlackElo "1785"]
[PlyCount "142"]
[EventDate "2018.11.08"]
[EventType "team-swiss"]
[EventRounds "7"]
[EventCountry "GER"]
[SourceTitle "EXT 2020"]
[Source "ChessBase"]
[SourceDate "2019.10.17"]
[SourceVersion "1"]
[SourceVersionDate "2019.10.17"]
[SourceQuality "1"]
[WhiteTeam "Berlin Osram"]
[BlackTeam "Muenchen EPA II"]
[WhiteTeamCountry "GER"]
[BlackTeamCountry "GER"]

1. f4 Nf6 2. b3 g6 3. Bb2 Bg7 4. e3 0-0 5. Nf3 d6 6. Be2 c5 7. 0-0 b6 8. c4 Bb7 9. Nc3 Nbd7 10. d4 cxd4 11. exd4 Ne4 12. Nxe4 Bxe4 13. Ng5 Bb7 14. Qd3 h6 15. Nf3 Nf6 16. d5 Bc8 17. Nd4 Nd7 18. Nc6 Nc5 19. Nxd8 Nxd3 20. Bxg7 Kxg7 21. Nc6 Nc5 22. Nxe7 Re8 23. Nxc8 Raxc8 24. Rae1 f5 25. g4 Kf6 26. h3 a5 27. gxf5 gxf5 28. Bh5 Rg8+ 29. Kh2 Rc7 30. Rg1 Rcg7 31. Rxg7 Rxg7 32. Re8 Re7 33. Rf8+ Kg7 34. Rxf5 Nd3 35. a3 Nc5 36. b4 axb4 37. axb4 Nd3 38. b5 Nb2 39. Bg4 Nxc4 40. Rh5 Na3 41. Rh4 Nxb5 42. Be6 Nd4 43. Rg4+ Kf6 44. f5 Nf3+ 45. Kg3 Ne5 46. Rh4 Rg7+ 47. Kf2 Kg5 48. Ra4 Rb7 49. h4+ Kf6 50. Ke2 b5 51. Rb4 Kg7 52. Bc8 Rb6 53. Ke3 Kf6 54. Ke4 Kg7 55. Rb1 b4 56. Rb3 Kf6 57. Be6 Rb7 58. Kd4 Kg7 59. Ke3 Kf6 60. Kd2 Kg7 61. Rg3+ Kf6 62. Kc2 b3+ 63. Rxb3 Rxb3 64. Kxb3 Nf3 65. h5 Nd4+ 66. Kc4 Nxf5 67. Bxf5 Kxf5 68. Kb5 Ke4 69. Kc6 Kd4 70. Kb5 Kxd5 71. Kb4 Ke4 0-1

[Event "Berlin Lichtenberger op 17th"]
[Site "Berlin"]
[Date "2018.08.23"]
[Round "6"]
[White "Mayer, Herbert"]
[Black "Vesely, Martin1111"]
[Result "1-0"]
[WhiteElo "1840"]
[BlackElo "1703"]
[PlyCount "57"]
[EventDate "2018.08.18"]
[EventType "swiss"]
[EventRounds "9"]
[EventCountry "GER"]
[SourceTitle "CBM 186 Extra"]
[Source "ChessBase"]
[SourceDate "2018.08.24"]
[SourceVersion "1"]
[SourceVersionDate "2018.08.24"]
[SourceQuality "1"]

1. f4 d5 2. Nf3 Nc6 3. e3 Nf6 4. b3 Bg4 5. Bb5 a6 6. Bxc6+ bxc6 7. Bb2 e6 8. 0-0 Bc5 9. h3 Bh5 10. Qe1 Bxf3 11. Rxf3 0-0 12. d3 d4 13. e4 Be7 14. Qf2 Bc5 15. Nd2 Ne8 16. Rf1 f5 17. Kh1 Nf6 18. g4 fxg4 19. hxg4 Nxg4 20. Qg3 h5 21. e5 Be7 22. Ne4 a5 23. a4 Qd7 24. Qh3 g6 25. Rg1 Rf5 26. Ng3 Qd5 27. Nxf5 Nf2+ 28. Kh2 Nxh3 29. Nxe7+ 1-0

[Event "Berlin-ch Seniors op 34th"]
[Site "Berlin"]
[Date "2018.02.03"]
[Round "5"]
[White "Mayer, Herbert"]
[Black "Kievelitz, Bernd"]
[Result "0-1"]
[WhiteElo "1836"]
[BlackElo "1923"]
[PlyCount "84"]
[EventDate "2018.01.30"]
[EventType "swiss"]
[EventRounds "9"]
[EventCountry "GER"]
[SourceTitle "EXT 2020"]
[Source "ChessBase"]
[SourceDate "2019.10.17"]
[SourceVersion "1"]
[SourceVersionDate "2019.10.17"]
[SourceQuality "1"]

1. f4 d5 2. b3 Nf6 3. e3 c5 4. Nf3 Nc6 5. Bb5 Bd7 6. Bb2 a6 7. Bxc6 Bxc6 8. Ne5 Qc7 9. d3 e6 10. Nd2 0-0-0 11. Nxc6 Qxc6 12. Nf3 Bd6 13. Ne5 Bxe5 14. fxe5 Nd7 15. Qf3 f5 16. exf6 gxf6 17. 0-0-0 e5 18. Kb1 Qe6 19. Rhf1 Rhg8 20. Rd2 Rg6 21. g3 d4 22. Rdf2 Re8 23. Bc1 Qg4 24. Qxg4 Rxg4 25. Rf5 Kc7 26. Rh5 Re7 27. e4 b5 28. a3 Kd6 29. Bd2 Ke6 30. Ba5 Rf7 31. Rhf5 Rg8 32. R1f3 Rc8 33. c3 Rff8 34. Rh5 Rf7 35. Kc2 c4 36. bxc4 bxc4 37. cxd4 cxd3+ 38. Kxd3 exd4 39. Kxd4 Ne5 40. Rc3 Rd7+ 41. Ke3 Rxc3+ 42. Bxc3 Rd3+ 0-1

[Event "GER-chT Betriebe 17th"]
[Site "Berlin"]
[Date "2017.11.04"]
[Round "5.2"]
[White "Bohnhoff, Peter"]
[Black "Mayer, Herbert"]
[Result "1/2-1/2"]
[WhiteElo "2042"]
[BlackElo "1859"]
[PlyCount "37"]
[EventDate "2017.11.02"]
[EventType "team-swiss"]
[EventRounds "7"]
[EventCountry "GER"]
[SourceTitle "EXT 2020"]
[Source "ChessBase"]
[SourceDate "2019.10.17"]
[SourceVersion "1"]
[SourceVersionDate "2019.10.17"]
[SourceQuality "1"]
[WhiteTeam "Muenchen EPA"]
[BlackTeam "Berlin Osram II"]
[WhiteTeamCountry "GER"]
[BlackTeamCountry "GER"]

1. d4 d5 2. Nf3 Nf6 3. e3 g6 4. c4 Bg7 5. cxd5 Nxd5 6. Nc3 0-0 7. Bc4 Nxc3 8. bxc3 c5 9. 0-0 Nc6 10. Ba3 cxd4 11. cxd4 Na5 12. Bd3 Re8 13. Qa4 Nc6 14. Rab1 Qa5 15. Qxa5 Nxa5 16. Bb5 Nc6 17. d5 a6 18. Be2 Ne5 19. Rfe1 1/2-1/2

[Event "Berlin Eckbauer op 20th"]
[Site "Berlin"]
[Date "2017.10.09"]
[Round "1"]
[White "Mayer, Herbert"]
[Black "Gebigke, Martin"]
[Result "1-0"]
[WhiteElo "1836"]
[BlackElo "2111"]
[PlyCount "75"]
[EventDate "2017.10.09"]
[EventType "swiss"]
[EventRounds "7"]
[EventCountry "GER"]
[SourceTitle "CBM 189 Extra"]
[Source "ChessBase"]
[SourceDate "2019.06.03"]
[SourceVersion "1"]
[SourceVersionDate "2019.06.03"]
[SourceQuality "1"]

1. f4 d5 2. b3 c5 3. Nf3 Nc6 4. e3 a6 5. Bb2 Nf6 6. Be2 g6 7. 0-0 Bg7 8. Ne5 Bd7 9. d3 0-0 10. Nd2 Be8 11. Nxc6 Bxc6 12. Nf3 d4 13. e4 Ng4 14. Bc1 Qb6 15. Kh1 c4 16. bxc4 Bxe4 17. Ng5 Nf6 18. dxe4 h6 19. e5 hxg5 20. exf6 Bxf6 21. fxg5 Bg7 22. Bd3 e5 23. Ba3 Rfe8 24. Rb1 Qc6 25. Qf3 e4 26. Qxf7+ Kh8 27. Rxb7 Rg8 28. Be2 Rab8 29. Rc7 Qb6 30. Bc5 Qa5 31. Bxd4 Qxc7 32. Qxc7 Bxd4 33. Qf4 Rge8 34. Qh4+ Kg8 35. c5 Rb4 36. Qh6 Bg7 37. Qxg6 Rf8 38. Bc4+ 1-0

[Event "Berlin Lichtenberger op 16th"]
[Site "Berlin"]
[Date "2017.08.19"]
[Round "1"]
[White "Mayer, Herbert"]
[Black "Maetzkow, Maximilian Paul"]
[Result "0-1"]
[WhiteElo "1867"]
[BlackElo "2172"]
[PlyCount "48"]
[EventDate "2017.08.19"]
[EventType "swiss"]
[EventRounds "9"]
[EventCountry "GER"]
[SourceTitle "CBM 180 Extra"]
[Source "ChessBase"]
[SourceDate "2017.10.06"]
[SourceVersion "1"]
[SourceVersionDate "2017.10.06"]
[SourceQuality "1"]

1. c4 Nf6 2. Nc3 c5 3. g3 g6 4. Bg2 Bg7 5. Nf3 0-0 6. 0-0 Nc6 7. Rb1 d6 8. a3 Nd4 9. e3 Nxf3+ 10. Bxf3 Bf5 11. d3 Nd7 12. e4 Bh3 13. Re1 Ne5 14. Bg2 Qd7 15. f4 Bg4 16. Qc2 Nf3+ 17. Bxf3 Bxf3 18. Nd1 f5 19. Qf2 fxe4 20. dxe4 Bd4 21. Be3 Bxe4 22. Rc1 Bxe3 23. Qxe3 Bc6 24. Qxe7 Rae8 0-1

[Event "Berlin Eckbauer op 19th"]
[Site "Berlin"]
[Date "2016.11.28"]
[Round "7"]
[White "Schmidt, Michael3333"]
[Black "Mayer, Herbert"]
[Result "1-0"]
[WhiteElo "1515"]
[BlackElo "1895"]
[PlyCount "50"]
[EventDate "2016.10.10"]
[EventType "swiss"]
[EventRounds "7"]
[EventCountry "GER"]
[SourceTitle "EXT 2022"]
[Source "ChessBase"]
[SourceDate "2021.10.06"]
[SourceVersion "1"]
[SourceVersionDate "2021.10.06"]
[SourceQuality "1"]

1. e4 c6 2. d4 d5 3. exd5 cxd5 4. c4 Nf6 5. Nc3 Nc6 6. Bg5 Ne4 7. cxd5 Nxc3 8. bxc3 Qxd5 9. Nf3 Bg4 10. Qd2 Bxf3 11. gxf3 Qxf3 12. Rg1 Qe4+ 13. Be2 h6 14. Rg4 Qh1+ 15. Bf1 hxg5 16. 0-0-0 e6 17. Bg2 Qxh2 18. Rh1 Ba3+ 19. Kc2 Qxh1 20. Bxh1 Rxh1 21. Qxg5 Bf8 22. d5 Nd8 23. dxe6 Nxe6 24. Qb5+ Kd8 25. Qxb7 Ke8 1-0

[Event "GER-chT Betriebe 16th"]
[Site "Dresden"]
[Date "2016.11.05"]
[Round "5.2"]
[White "Gerighausen, Karl Heinz"]
[Black "Mayer, Herbert"]
[Result "1/2-1/2"]
[WhiteElo "1879"]
[BlackElo "1895"]
[PlyCount "52"]
[EventDate "2016.11.03"]
[EventType "team-swiss"]
[EventRounds "7"]
[EventCountry "GER"]
[SourceTitle "EXT 2020"]
[Source "ChessBase"]
[SourceDate "2019.10.17"]
[SourceVersion "1"]
[SourceVersionDate "2019.10.17"]
[SourceQuality "1"]
[WhiteTeam "Duesseldorf Provinzial"]
[BlackTeam "Berlin Osram II"]
[WhiteTeamCountry "GER"]
[BlackTeamCountry "GER"]

1. d4 d5 2. Nf3 Nf6 3. e3 g6 4. Be2 Bg7 5. 0-0 0-0 6. b3 c5 7. Bb2 cxd4 8. Nxd4 Nc6 9. Nd2 Re8 10. N2f3 a6 11. c4 e6 12. Nxc6 bxc6 13. Qc2 Bb7 14. Rfd1 Rc8 15. Rac1 Ne4 16. Bxg7 Kxg7 17. Qb2+ Qf6 18. Qxf6+ Kxf6 19. Rc2 a5 20. Rdc1 Ba6 21. Kf1 Nd6 22. cxd5 Bxe2+ 23. Kxe2 cxd5 24. Nd4 Rxc2+ 25. Rxc2 Ra8 26. Rc6 Ke7 1/2-1/2

[Event "Berlin Lichtenrade op 12th"]
[Site "Berlin"]
[Date "2016.10.24"]
[Round "3"]
[White "Mayer, Herbert"]
[Black "Zschaebitz, Klaus"]
[Result "0-1"]
[WhiteElo "1895"]
[BlackElo "2063"]
[PlyCount "86"]
[EventDate "2016.10.22"]
[EventType "swiss"]
[EventRounds "9"]
[EventCountry "GER"]
[SourceTitle "EXT 2018"]
[Source "ChessBase"]
[SourceDate "2017.10.13"]
[SourceVersion "1"]
[SourceVersionDate "2017.10.13"]
[SourceQuality "1"]

1. f4 c5 2. b3 Nf6 3. e3 g6 4. Bb2 Bg7 5. Nf3 0-0 6. Be2 Nc6 7. 0-0 d6 8. Nc3 e5 9. fxe5 dxe5 10. e4 Bg4 11. h3 Bxf3 12. Bxf3 Nd4 13. d3 b5 14. Ne2 Rc8 15. a4 a6 16. axb5 axb5 17. c3 Nxf3+ 18. Rxf3 c4 19. Ng3 Qb6+ 20. Kh2 Rfd8 21. Qc2 cxd3 22. Rxd3 h5 23. Re1 h4 24. Rxd8+ Rxd8 25. Nf1 Nh5 26. Bc1 Rd6 27. Be3 Qd8 28. Nd2 Ng3 29. Nf3 Bf6 30. c4 Rd3 31. Bf2 b4 32. Bc5 Rc3 33. Qa2 Qb8 34. Qa4 Qb7 35. Bxb4 Re3 36. Qe8+ Kh7 37. Bd2 Rxe4 38. Rb1 Re2 39. c5 Qd5 40. c6 e4 41. c7 exf3 42. Qxe2 Nxe2 43. c8Q Be5+ 0-1

[Event "Berlin Eckbauer op 19th"]
[Site "Berlin"]
[Date "2016.10.17"]
[Round "2"]
[White "Weber, Erwin"]
[Black "Mayer, Herbert"]
[Result "1-0"]
[WhiteElo "2080"]
[BlackElo "1895"]
[PlyCount "99"]
[EventDate "2016.10.10"]
[EventType "swiss"]
[EventRounds "7"]
[EventCountry "GER"]
[SourceTitle "EXT 2022"]
[Source "ChessBase"]
[SourceDate "2021.10.06"]
[SourceVersion "1"]
[SourceVersionDate "2021.10.06"]
[SourceQuality "1"]

1. Nf3 d5 2. d4 Nf6 3. e3 e6 4. Bd3 c5 5. b3 Nc6 6. Bb2 Bd6 7. Nbd2 0-0 8. a3 b6 9. 0-0 Bb7 10. Ne5 cxd4 11. exd4 Ne7 12. Qe2 Ng6 13. f4 Re8 14. g4 Nd7 15. Qf3 Ngf8 16. Qh3 f6 17. Nxd7 Qxd7 18. Rf2 a5 19. g5 f5 20. Qf1 Qc7 21. Nb1 Ng6 22. Bc1 Qc8 23. a4 Ba6 24. Bxa6 Rxa6 25. Qb5 Re7 26. Ba3 Bxa3 27. Nxa3 Raa7 28. Qd3 Rac7 29. Nb5 Rc6 30. Re1 Qb8 31. Qg3 Nf8 32. h4 Re8 33. Qf3 Qb7 34. Rfe2 Qd7 35. h5 Rec8 36. c3 Qf7 37. Re3 Rd8 38. Qe2 Re8 39. Kf2 Re7 40. Rg1 Qe8 41. Re1 Qf7 42. Qf3 Rd7 43. Ke2 Qe8 44. Kd2 Re7 45. Kc2 Nd7 46. Kb2 g6 47. h6 Nb8 48. Qxd5 Na6 49. Qf3 Qa8 50. Rxe6 1-0